00687nam a22002057a 450000500170000001000150001702000260003203500130005803700130007108200110008410000290009524500680012426000330019227000460022530000250027150000190029694200250031599900170034095201240035720140811114735.0 aENG-110324 a9789350624524c595.00 aEN-93856 bDBAD/PUB a332.15 aIyengar, G.Vijayaragavan aInternational banking and finance /cby G.Vijayaragavan Iyengar aNew DelhibExcel Booksc2014 aA-45, Naraina, Phase IbNew Delhie110028 axiv,714p.c27cm(pbk) aIncludes index 2ddccENmIYEh332.15 c86252d86252 001040718NFICaDBADbDBADd2014-07-02eDBAD/PUBg595.00l0o332.15 IYEpEN-93856r2014-07-02 00:00:00t1v595.00yEN